Marketing a kríza globálnej spotreby

Spotreba v konzumnej spoločnosti. Spotreba, príroda a etika. Marketing zaostrený na zákazníka. Fenomén nového spotrebiteľa.

Gespeichert in:
Bibliographische Detailangaben
1. Verfasser: Knapik, Peter
Format: Buchkapitel
Sprache:Slowakisch
Schlagworte:
Tags: Tag hinzufügen
Keine Tags, Fügen Sie das erste Tag hinzu!

MARC

LEADER 00000naa$a2200000$$$4500
001 0195942
005 20240502073311.2
041 0 |a slo 
044 |a SK 
245 1 0 |a Marketing a kríza globálnej spotreby  |c Peter Knapik 
520 |a Spotreba v konzumnej spoločnosti. Spotreba, príroda a etika. Marketing zaostrený na zákazníka. Fenomén nového spotrebiteľa. 
610 2 0 |a marketing 
610 2 0 |a stratégia marketingová 
610 2 0 |a spotreba 
610 2 0 |a spotrebitelia 
610 2 0 |a správanie spotrebiteľa 
610 2 0 |a etika 
610 2 0 |a kríza 
100 1 |a Knapik, Peter